Statistics for U.K. Counties with Letters Missing

Click here to take the quiz!

General Stats

  • This quiz has been taken 80 times
  • The average score is 14 of 20

Answer Stats

Hint County % Correct
K_N_Kent
99%
D_V_NDevon
99%
E_S_XEssex
99%
I_L_  O_  W_G_TIsle of Wight
88%
F_F_Fife
88%
C_R_W_L_Cornwall
85%
L_N_O_D_R_YLondonderry
83%
W_S_  S_S_E_West Sussex
79%
H_M_S_I_EHampshire
74%
S_R_E_Surrey
74%
N_T_I_G_A_S_I_ENottinghamshire
71%
W_E_H_MWrexham
69%
O_K_E_Orkney
69%
S_M_R_E_Somerset
68%
O_F_R_S_I_EOxfordshire
63%
W_R_I_K_H_R_Warwickshire
58%
P_M_R_K_S_I_EPembrokeshire
58%
B_R_S_I_EBerkshire
54%
A_E_D_E_S_I_EAberdeenshire
44%
S_T_E_L_N_Sutherland
18%

Score Distribution

Percentile by Number Answered

Percent of People with Each Score

Your Score History

You have not taken this quiz